000 00622nam a2200205 a 4500
001 000022232
005 20200930011636.0
008 100920s1969 ve r 000 f spa d
040 _aDO-SdBNP
_bspa
_cBNPHU
082 _aV863.44
_bR173t
100 1 _aRamírez Faría, Carlos,
_d1936-
_945971
245 1 0 _aLos tratos con la muerte :
_brelatos /
_cCarlos Ramírez Faría.
260 _aCaracas :
_bMonte Ávila,
_c1969.
300 _a226, [1] p. ;
_c18 cm.
490 1 _aContinente
650 4 _aNovela venezolana
_93962
650 4 _aLiteratura venezolana
_ySIGLO XX
_99777
830 0 _aContinente
_95070
049 _aBNGR
999 _c21730
_d21730